| 000 | 00760cam a22002651 4500 | ||
|---|---|---|---|
| 001 | 25090 | ||
| 003 | BD-RjUL | ||
| 005 | 20211209050829.0 | ||
| 008 | 140316s1955 enkb b 000 0 eng c | ||
| 035 | _a(BD-RjUL)25159 | ||
| 035 | _a(OCoLC)3714639 | ||
| 040 |
_aNorthwestern Univ. _cDGW _dDGW _dOCoLC _dDLC _beng |
||
| 041 | _aeng | ||
| 082 |
_a943 _bHAE 1955 |
||
| 100 | 1 |
_aHawgood, John Arkas, _d1905- _910941 |
|
| 245 | 1 | 4 |
_aThe evolution of Germany. _cJohn Arkas Hawgood |
| 260 |
_aLondon : _bMenthuen, _c1955 |
||
| 300 |
_axiv, 206 p. : _bmaps ; _c17 cm. |
||
| 504 | _a"Reading list": p. 195-202. | ||
| 651 | 0 |
_aGermany _xHistory. _977208 |
|
| 942 |
_2ddc _cBK |
||
| 999 |
_c25090 _d25090 |
||